| 000 | 00379nam a2200109Ia 4500 | ||
|---|---|---|---|
| 008 | 230907s9999||||xx |||||||||||||| ||und|| | ||
| 082 |
_a621.406 _bAXI |
||
| 100 |
_aZhengping Zou, Songtao Wang, et al. _9116142 |
||
| 245 | 0 | _aAxial turbine aerodynamics for aero-engines : flow Analysis and Aerodynamics Design / Zhengping Zou, Songtao Wang, et al. | |
| 300 | _a563 p. | ||
| 942 | _cBK | ||
| 999 |
_c601191 _d601191 |
||